Journal of reinforced plastics & composities

Kaydedildi:
Detaylı Bibliyografya
Materyal Türü: Kitap
Dil:Undetermined
Baskı/Yayın Bilgisi: London, Eng SAGE Publications Ltd
Konular:
Etiketler: Etiketle
Etiket eklenmemiş, İlk siz ekleyin!
Thư viện lưu trữ: Trung tâm Học liệu Trường Đại học Cần Thơ
LEADER 00469nam a2200157Ia 4500
001 CTU_184030
008 210402s9999 xx 000 0 und d
082 |a 620.1 
082 |b R364 
245 0 |a Journal of reinforced plastics & composities 
245 0 |c George S.Springer 
260 |a London, Eng 
260 |b SAGE Publications Ltd 
650 |a Reinforced plastics,Composite materials 
904 |i T.Trang 
980 |a Trung tâm Học liệu Trường Đại học Cần Thơ